International financial management /

This book is divided into four parts: Foreign exchange management; Cost of capital; Financial structure; and Capital busgeting.

Bewaard in:
Bibliografische gegevens
Formaat: Boek
Taal:English
Gepubliceerd in: London : International Thomson Business Press, 1993.
Onderwerpen:
Tags: Voeg label toe
Geen labels, Wees de eerste die dit record labelt!
Thư viện lưu trữ: Mạng thư viện Đại học Đà Nẵng
LEADER 01092cam a2200349 i 4500
001 000049415
003 9160
005 20051111143441.0
008 010320b1993 vm 000 eng
020 |a 0415141079 
040 |a IRC  |c IRC  |d IRC 
041 0 |a eng 
082 1 4 |a 658.1599  |b In-F 
245 0 0 |a International financial management /  |c Edited by Arthur I. Stonehill and Michael H. Moffett. 
260 |a London :  |b International Thomson Business Press,  |c 1993. 
300 |a viii, 388 p. :  |b ill. ;  |c 23.5cm. 
520 3 |a This book is divided into four parts: Foreign exchange management; Cost of capital; Financial structure; and Capital busgeting. 
630 0 4 |a Finance. 
630 0 4 |a Business enterprises. 
650 0 4 |a International business enterprises  |x Finance. 
650 0 4 |a International finance. 
650 0 4 |a Foreign exchange. 
OWN |a DUT 
999 |a From the UDN01 
TYP |a Monograph 
TYP |a Printed language 
980 |a Mạng thư viện Đại học Đà Nẵng